In the light of Reason: contraception and the RH Bill: a rationa and facts for both anti and pro-RH Bill advocates / (Record no. 1194)

MARC details
000 -LEADER
fixed length control field 00738nam a2200217 4500
003 - CONTROL NUMBER IDENTIFIER
control field OSt
005 - DATE AND TIME OF LATEST TRANSACTION
control field 20240624025327.0
008 - FIXED-LENGTH DATA ELEMENTS--GENERAL INFORMATION
fixed length control field 240624b |||||||| |||| 00| 0 eng d
020 ## - INTERNATIONAL STANDARD BOOK NUMBER
International Standard Book Number 9789719533009
040 ## - CATALOGING SOURCE
Original cataloging agency DWCL-Main lib.
Transcribing agency OC
082 ## - DEWEY DECIMAL CLASSIFICATION NUMBER
Classification number Fil. 176 S187i 2012
006 - FIXED-LENGTH DATA ELEMENTS--ADDITIONAL MATERIAL CHARACTERISTICS
fixed length control field a
100 ## - MAIN ENTRY--PERSONAL NAME
Personal name Sambajon,Marvin Julian L.,Jr.
245 ## - TITLE STATEMENT
Title In the light of Reason: contraception and the RH Bill: a rationa and facts for both anti and pro-RH Bill advocates /
260 ## - PUBLICATION, DISTRIBUTION, ETC.
Place of publication, distribution, etc. Daraga,Albay:
Name of publisher, distributor, etc. Sapienta Pub.,
Date of publication, distribution, etc. c2012.
300 ## - PHYSICAL DESCRIPTION
Extent xviii,
Other physical details 242 p.;
Dimensions 22 cm.
504 ## - BIBLIOGRAPHY, ETC. NOTE
Bibliography, etc. note Includes Bibliographical references.
650 ## - SUBJECT ADDED ENTRY--TOPICAL TERM
Topical term or geographic name entry element 1. Birth Control-Ethical Aspects.
650 ## - SUBJECT ADDED ENTRY--TOPICAL TERM
Topical term or geographic name entry element 2. Birth Control-Religious Aspects.
942 ## - ADDED ENTRY ELEMENTS (KOHA)
Source of classification or shelving scheme Dewey Decimal Classification
Suppress in OPAC No
Koha item type Book-Filipiniana
Call number prefix Fil.
Holdings
Withdrawn status Lost status Source of classification or shelving scheme Damaged status Not for loan Home library Current library Shelving location Date acquired Source of acquisition Total Checkouts Full call number Barcode Date last seen Copy number Price effective from Koha item type Uniform Resource Identifier
    Dewey Decimal Classification     College Library College Library Filipiniana 06/04/2012 School Fund   Fil. 176 S187i 2012 CL49359 06/24/2024 c1 06/24/2024 Book Circulation
    Dewey Decimal Classification     College Library College Library Filipiniana 06/04/2012 School Fund   Fil. 176 S187i 2012 CL49360 06/24/2024 c2 06/24/2024 Book Circulation
    Dewey Decimal Classification     College Library College Library Filipiniana 06/04/2012 School Fund   Fil. 176 S187i 2012 CL49361 06/24/2024 c3 06/24/2024 Book Circulation